La valoracin̤ de la prueba

Detalles Bibliográficos
Autor principal: Nieva Fenoll, Jordi
Formato: eBook
Lenguaje:español
Publicado: Madrid: Marcial Pons, 2010
Materias:
Acceso en línea:Acceso restringido

MARC

LEADER 00000nam a22000007a 4500
005 20170214223337.0
007 cr|||| ||||
008 170214s2010 es |||||s|||| 00||0 spa d
020 |a 978-84-9123-136-3 
035 |a 14692 
040 |a vLex 
090 |c 6551  |d 6551 
100 1 |a Nieva Fenoll, Jordi 
245 1 2 |a La valoracin̤ de la prueba  |h [Recurso electrn̤ico] /  |c Jordi Nieva Fenoll 
256 |a Servicio en ln̕ea 
260 |a Madrid:  |b Marcial Pons,  |c 2010 
300 |a 1 recurso electrn̤ico 
506 1 |a Disponible solo en los productos indicados  |d vLex Global  |d vLex Global (Academic Edition, excluding Law Schools)  |d vLex Global (U.S. Academic Edition, Law Schools)  |d vLex Global (U.S. Academic Edition, excluding Law Schools)  |d vLex Global (Academic Edition, Law Schools) 
650 0 4 |a Derecho Procesal  |z Espaą 
740 0 |a vLex Libros (Servicio en ln̕ea) 
856 4 0 |u http://vlex.com/source/valoracion-prueba-14692  |z Acceso restringido 
942 |c BOOK 
999 0 |a Procedural law